Les couleurs - Statistiques

Statistiques générales
  • Ce quiz a été pris 421 fois
  • Le résultat moyen est 9 sur 15
Statistiques - réponses
Hint Réponse % Correct
Le blanc et le noir sont-ils des couleurs ? Non
86%
Combien y a-t-il de couleur primaires 3
78%
5 Bleu
75%
1 Rouge
75%
Quels sont les deux types de couleurs ? Couleurs primaires et couleurs secondaires
74%
3 Jaune
74%
4 Vert
73%
2 Orange
71%
6 Violet
69%
7 Rose
67%
9 Gris
53%
8 Marron
52%
A quel autre groupe de couleur appartiennent le rouge, le jaune et le orange ? Couleurs chaudes
36%
Que sont le blanc et le noir ? Des nuances
24%
A quel groupe (primaire ou secondaire) appartient le bleu ? Couleurs primaires
20%
Aucun quiz correspondant
Distribution des résultats
% des personnes avec chaque résultat
Percentile par nombre de réponses
Votre historique - résultats
Vous n’avez pas pris ce quiz